| 000 | 00502nam a2200193Ia 4500 | ||
|---|---|---|---|
| 005 | 20140403085246.0 | ||
| 008 | 140130s9999 xx 000 0 und d | ||
| 020 | _a0439401879 | ||
| 050 |
_aPZ 7 _b.Se479 2003 |
||
| 100 |
_aSepulveda, Luis _931321 |
||
| 245 |
_cSepulveda, Luis _aThe story of a seagull and a cat / |
||
| 260 |
_bScholastic, _c2003. _aUSA : |
||
| 300 |
_a123 p. : _bill. ; _c20 cm. |
||
| 440 |
_v1 _931174 |
||
| 521 | _aG7 | ||
| 526 | _c880 | ||
| 942 |
_cBK _2lcc |
||
| 999 |
_c41257 _d41257 |
||